Erdély és Regát

Elmentve itt :
Bibliográfiai részletek
Szerző: Buday Árpád
Dokumentumtípus: Könyv
Megjelent: Városi nyomda és Könyvkiadó Szeged, Magyarország 1931
Kulcsszavak:Erdély története
Tárgyszavak:
Online Access:http://misc.bibl.u-szeged.hu/58128
LEADER 00669nam a2200193 i 4500
001 misc58128
005 20210614142543.0
008 210614s1931 hu o 0|| hun d
040 |a SZTE Miscellanea Repozitórium  |b hun 
041 |a hun 
100 1 |a Buday Árpád 
245 1 0 |a Erdély és Regát  |h [elektronikus dokumentum] /  |c  Buday Árpád 
260 |a Városi nyomda és Könyvkiadó  |b Szeged, Magyarország  |c 1931 
300 |a 7 p.  |c 24 cm 
650 4 |a Bölcsészettudományok 
650 4 |a Történettudomány és régészet 
650 4 |a Történettudomány 
695 |a Erdély története 
856 4 0 |u http://misc.bibl.u-szeged.hu/58128/1/xb_173456.pdf  |z Dokumentum-elérés